000
00252nam a2200097Ia 4500
008
220204s9999 xx 000 0 und d
082
_a
929 A/Z (RAJ)
_b
RAJ
245
0
_a
Rajaji story 1937-72
260
_a
Bombay
_b
Bharatiya Vidya Bhavan
_c
1984
942
_c
BK
999
_c
38292
_d
38292